Autores de los libros mas famosos - Estadísticas

Estadísticas generales
  • Esta prueba ha sido intentada 801 veces
    784 desde el último reinicio
  • La puntuación promedio es 18 de 42
Estadísticas de respuestas
Hint Respuesta % Correcto
Harry Potter J.K Rowling
89%
Don Quijote de la Mancha Miguel de Cervantes
82%
El diario de Ana Frank Ana Frank
81%
Hamlet William Shakespeare
75%
Odisea Homero
74%
It Stephen King
71%
Cien Años de Soledad Gabriel García Márquez
70%
1984 George Orwell
68%
El origen de las especies Charles Darwin
67%
El señor de los anillos Tolkien
66%
Orgullo y Prejuicio Jane Austen
61%
Asesinato en el oriente express Agatha Christie
59%
La República Platón
59%
Viaje al centro de la tierra Julio Verne
52%
La casa de los espíritus Isabel Allende
50%
Rayuela Julio Cortázar
50%
La Guerra y La Paz Leon Tolstoi
50%
El principito Antoine de Saint-Exupery
46%
Frankestein Mary Shelley
46%
El nombre de la Rosa Umberto Eco
41%
Divina Comedia Dante Alighieri
39%
La Biblia Anónimo
36%
Drácula Bram Stoker
35%
El Código Da Vinci Dan Brown
35%
El Conde de Montecristo Alexandre Dumas
34%
El arte de la guerra Sun Tzu
32%
Tokio Blues Haruki Murakami
30%
Pedro Paramo Juan Rulfo
30%
Una habitación propia Virginia Woolf
29%
Las Aventuras de Huckleberry Finn Mark Twain
27%
Bajo la misma estrella John Green
23%
Mujercitas Louise May Alcott
23%
Moby Dick Herman Melville
21%
Robinson Crusoe Daniel Defoe
20%
Crimen y castigo Fiodor Dostoyevsky
20%
El padrino Mario Puzo
20%
El cuento de la criada Margaret Atwood
19%
Demian Herman Hesse
18%
El médico Noah Gordon
14%
El perfume Patrick Suskind
13%
El laberinto de la soledad Octavio Paz
7%
Camelot T.H. White
3%
No se encontraron pruebas coincidentes
Distribución de puntuación
Porcentaje de gente con cada puntuación
Porcentaje por número respondido
Historial de tus puntuaciones
No has intentado esta prueba desde el último reinicio